000 00671nam a2200217 a 4500
005 20210219152851.0
008 991125n 000 0 spa u
035 _aUPN01000064197
100 _aCORDOBA, Carlos A.
222 _aEDUCACION Y BIBLIOTECA : REVISTA MENSUAL DE DOCUMENTACION Y RECURSOS DIDACTICOS
245 _aEl año de las Naciones Unidad para la tolerancia visto desde una biblioteca escolar de Argentina
260 _aMADRID, ESPAÑA
300 _a17-22
362 _a1994 No. 51, (nov.)
653 0 _aARGENTINA
653 0 _aBIBLIOTECAS ESCOLARES
653 0 _aCULTURA
653 0 _aINMIGRANTES
904 _aAC
_b002008
905 _aArticulo
999 _c62475
_d62475